00646cam a22002411 4500001001300000003000400013005001700017008004100034010001700075035002000092040001800112042001200130043001200142050001600154100004400170245004900214260001100263300001900274500001300293504003200306650004900338999001700387sa 66000876 DLC20260227112218.0890713s1965 ii b 000 0 hino  asa 66000876  a(OCoLC)20004559 aDLCcWaUdDLC apremarc aa-ii---00aPK2042b.S71 aŚrīvāstava, Paramānanda,d1935-10aHindī-kahānī kī racanā-prakriyā. c[1965] a318 p.c23 cm. aIn Hindi aBibliography: p. [310]-318. 0aShort stories, HindixHistory and criticism. c67472d67472